Budapester Bezirke - Statistiken

Allgemein
  • Dieses Quiz wurde 13 mal gespielt
  • Das Durchschnittsergebnis liegt bei 8 aus 20
Antwortstatistiken
Antwort % Korrekt
Ferencváros
70%
Kispest
60%
Újpest
60%
Belváros-Lipótváros
50%
Józsefváros
50%
Óbuda-Békásmegyer
50%
Zugló
50%
Csepel
40%
Erzsébetváros
40%
Kőbánya
40%
Rákospalota-Pestújhely-Újpalota
40%
Terézváros
40%
Újbuda
40%
Budafok-Tétény
30%
Soroksár
30%
Budavár
20%
Hegyvidék
20%
Pesterzsébet
20%
Pestszentlőrinc-Pestszentimre
20%
Rákosmente
20%
Keine übereinstimmenden Quizze gefunden
Verteilung der Resultate
Anzahl Personen mit jedem Resultat
Perzentil nach korrekt beantworteten Fragen
Ihre Resultats-Entwicklung
Sie haben dieses Quiz noch nicht gespielt